Loading...
| Fine Arts - Classical Music | 8 | 20.00 | 3,675% | 513% | 400% |
| Fine Arts - Other | 5 | 12.00 | 1,360% | 160% | 380% |
| Fine Arts - Painting & Sculpture | 5 | 12.00 | 800% | 340% | 200% |
| History - American | 4 | 12.50 | 900% | 225% | 200% |
| History - European | 8 | 16.25 | 2,100% | 500% | 388% |
| History - Other | 5 | 14.00 | 2,080% | 300% | 280% |
| History - World | 6 | 13.33 | 2,017% | 100% | 383% |
| Literature - American | 8 | 16.25 | 3,725% | 100% | 525% |
| Literature - British | 5 | 10.00 | 2,560% | 460% | 0% |
| Literature - European | 6 | 13.33 | 4,017% | 133% | 283% |
| Literature - World | 7 | 17.14 | 3,343% | 114% | 671% |
| Mythology | 8 | 13.75 | 3,225% | 263% | 388% |
| Other | 7 | 14.29 | 3,529% | 243% | 271% |
| Philosophy | 3 | 13.33 | 2,700% | 67% | 333% |
| Religion | 7 | 15.71 | 914% | 686% | 443% |
| Science - Biology | 7 | 17.14 | 3,286% | 386% | 486% |
| Science - Chemistry | 5 | 22.00 | 3,960% | 600% | 380% |
| Science - Other | 8 | 12.50 | 1,250% | 450% | 288% |
| Science - Physics | 8 | 12.50 | 4,050% | 138% | 275% |
| Social Science | 5 | 16.00 | 4,600% | 300% | 280% |